El paisaje en la cultura contemporánea
Salvato in:
| Altri autori: | |
|---|---|
| Natura: | Libro |
| Lingua: | spagnolo |
| Pubblicazione: |
Madrid
Biblioteca Nueva
2008
|
| Serie: | Colección Paisaje y Teoría, 4
|
| Soggetti: | |
| Tags: |
Aggiungi Tag
Nessun Tag, puoi essere il primo ad aggiungerne!!
|
MARC
| LEADER | 00000cam a2200000 a 4500 | ||
|---|---|---|---|
| 001 | UCF5518 | ||
| 003 | CL-VaPUC | ||
| 008 | 130318e20080000SP |||||||||||||||||spa|d | ||
| 020 | |a 9788497428460 | ||
| 082 | 0 | 4 | |a 700.4 |b NOG |2 21 |
| 100 | |a Nogué, Joan |e editor |9 560219 | ||
| 245 | 1 | 3 | |a El paisaje en la cultura contemporánea |
| 300 | |a 301 p | ||
| 942 | |c BK | ||
| 945 | |d 20130318 00:00:00 |a dcastane | ||
| 260 | |a Madrid |b Biblioteca Nueva |c 2008 | ||
| 650 | 0 | |a Paisajes |9 344660 | |
| 650 | 0 | |a Filosofía de la arquitectura |9 267382 | |
| 650 | 0 | |a Sociedad |9 307903 | |
| 650 | 7 | |a SOCIEDAD Y CULTURA |2 CL-VaPUC |9 486496 | |
| 650 | 7 | |a CULTURA PAISAJISTICA |2 CL-VaPUC |9 557348 | |
| 583 | |a last modification |c 20130318 11:20:00 |k Rodrigo Vera | ||
| 490 | 0 | |a Colección Paisaje y Teoría, 4 | |
| 999 | |c 351032 |d 351030 | ||
| 952 | |0 0 |1 0 |4 0 |6 700_400000000000000_NOG_2008 |7 0 |8 A |9 454903 |a BIBING |b BIBING |d 2019-11-22 |i 4953878 |o 700.4 NOG 2008 |p 4953878 |r 2025-01-20 |w 2019-11-22 |y BK |k GEO | ||
| 952 | |0 0 |1 0 |3 erb |4 0 |6 700_400000000000000_NOG_2008 |7 0 |8 A |9 454904 |a BIBING |b BIBING |i 5293650 |o 700.4 NOG 2008 |p 5293650 |r 2025-01-20 |w 2019-11-22 |y BK |z Catalogado en:20160616 |k GEO | ||